000 01085naa a2200277 c 4500
001 49236
999 _c49236
_d49236
003 ES-MaCES
005 20170419122129.0
008 170419s2017 sp ||||| t||||||| ||spa d
040 _aES-MaCES
_bspa
_cES-MaCES
_dES-MaCES
100 1 _938064
_aMoreno Liso, Lourdes
245 1 3 _aEl trabajador autónomo económicamente dependiente de la Unión Europea
_b: aspectos laborales y mercantiles
_cLourdes Moreno Liso, Nuria Ramos Martín
650 4 _930170
_atrabajo a cuenta propia
650 4 _928412
_atrabajador independiente
650 4 _928188
_aempresario
650 4 _930016
_acreación de empresa
650 4 _927157
_aderecho mercantil
650 4 _927165
_aderecho del trabajo
650 4 _930776
_apolítica comunitaria
650 4 _926752
_aUE
653 1 0 _aEmpleo
700 1 _938065
_aRamos Martín, Nuria
773 0 _985919
_dLas Rozas, Madrid Wolters Kluwer España 2015-
_o088817
_tTrabajo y derecho
_w(ES-MaCES)45892
_gn. 27 (marzo 2017) {55/1129 R. 088817} ;p. 65-78
902 _aART Artículo de revista
942 _2CES
_cAR
_h2.0.